| Tag |
First Indicator |
Second Indicator |
Subfields |
| LEADER |
00000cas a2200000 a 4500 |
| 001 |
in00002662621 |
| 005 |
20220106090006.0 |
| 006 |
m | |
| 007 |
cr ||||||||||| |
| 008 |
110128d19792004dcu|| |o f| 0eng c |
| 010 |
|
|
|a 2011230114
|
| 035 |
|
|
|a (OCoLC)ocn698668401
|
| 040 |
|
|
|a GPO
|c GPO
|d GPO
|d MvI
|d UtOrBLW
|
| 042 |
|
|
|a pcc
|
| 043 |
|
|
|a n-us---
|
| 049 |
|
|
|a WWW
|
| 074 |
|
|
|a 0068-E-07 (online)
|
| 086 |
0 |
|
|a A 112.23:
|
| 245 |
0 |
0 |
|a Foreign ownership of U.S. agricultural land.
|
| 246 |
1 |
3 |
|a Foreign ownership of United States agricultural land
|
| 264 |
|
1 |
|a [Washington, D.C.] :
|b U.S. Dept. of Agriculture, Farm Service Agency.
|
| 300 |
|
|
|a 1 volume :
|b digital, PDF file.
|
| 310 |
|
|
|a Annual
|
| 336 |
|
|
|a text
|b txt
|2 rdacontent
|
| 337 |
|
|
|a computer
|b c
|2 rdamedia
|
| 338 |
|
|
|a online resource
|b cr
|2 rdacarrier
|
| 362 |
1 |
|
|a Print began with: Feb. 1/Aug. 24, 1979; ceased with: 2004.
|
| 588 |
|
|
|a Description based on: 2004; title from PDF cover (viewed Jan. 28, 2011).
|
| 588 |
|
|
|a Latest issue consulted: 2004 (viewed Jan. 28, 2011).
|
| 515 |
|
|
|a Report year ends with Feb. 28.
|
| 500 |
|
|
|a Electronic resource.
|
| 650 |
|
0 |
|a Farms
|z United States
|x Foreign ownership
|v Periodicals.
|
| 650 |
|
0 |
|a Investments, Foreign
|z United States
|v Periodicals.
|
| 650 |
|
0 |
|a Farm ownership
|z United States
|v Periodicals.
|
| 650 |
|
0 |
|a Land tenure
|z United States
|v Periodicals.
|
| 776 |
0 |
8 |
|i Paper version:
|t Foreign ownership of U.S. agricultural land
|w (DLC) 89646790
|w (OCoLC)8660191
|
| 776 |
0 |
8 |
|i Microfiche version:
|t Foreign ownership of U.S. agricultural land
|w (DLC)sn 94027646
|w (OCoLC)15467145
|
| 785 |
0 |
0 |
|t Foreign holdings of U.S. agricultural land
|w (DLC) 2011230115
|w (OCoLC)623723718
|
| 710 |
1 |
|
|a United States.
|b Farm Service Agency.
|
| 856 |
4 |
0 |
|3 Issue for 2004 only
|u https://purl.fdlp.gov/GPO/gpo3433
|t 0
|
| 999 |
|
|
|a MARS
|
| 999 |
f |
f |
|s c001e17c-ca58-3a6d-89b0-c108f479bcb6
|i 3e2350f5-4111-3a7b-a771-72d6bae1d4eb
|t 0
|
| 952 |
f |
f |
|a Texas A&M University
|b College Station
|c Electronic Resources
|d Available Online
|t 0
|e A 112.23:
|h Superintendent of Documents classification
|
| 998 |
f |
f |
|a A 112.23:
|t 0
|l Available Online
|